000 00330nam a2200133Ia 4500
008 151001s9999||||xx |||||||||||||| ||und||
100 _aसाईदास आपटे
245 _aतृषात
250 _a1
260 _bनंदा प्रकाशन
260 _c1979
300 _a92
365 _b18
999 _c981736
_d981733